000
00328nam a22001457a 4500
008
230907b ||||| |||| 00| 0 eng d
020
_a
080156746
041
_a
eng
080
_a
101
082
_a
101SCH
100
_a
44
101
_a
FILOZ
245
_a
NINETEENTH CENTURY AETHER THEORIES
_c
SCHAFFNER.F.K
942
_2
udc
_c
BK
999
_c
60294
_d
60294